<?xml version="1.0" encoding="UTF-8"?>
<record
    xmlns:xsi="http://www.w3.org/2001/XMLSchema-instance"
    xsi:schemaLocation="http://www.loc.gov/MARC21/slim http://www.loc.gov/standards/marcxml/schema/MARC21slim.xsd"
    xmlns="http://www.loc.gov/MARC21/slim">

  <leader>01039cam a2200253   4500</leader>
  <datafield tag="999" ind1=" " ind2=" ">
    <subfield code="c">4406</subfield>
    <subfield code="d">4406</subfield>
  </datafield>
  <controlfield tag="001">5248</controlfield>
  <controlfield tag="005">20200701104604.0</controlfield>
  <controlfield tag="008">070924s2008    iluab    bc   001 0 eng</controlfield>
  <datafield tag="010" ind1=" " ind2=" ">
    <subfield code="a">  2007039531</subfield>
  </datafield>
  <datafield tag="020" ind1=" " ind2=" ">
    <subfield code="a">9781932476354</subfield>
  </datafield>
  <datafield tag="020" ind1=" " ind2=" ">
    <subfield code="a">9789993678465 (pbk.)</subfield>
  </datafield>
  <datafield tag="043" ind1=" " ind2=" ">
    <subfield code="a">a-bt---</subfield>
  </datafield>
  <datafield tag="245" ind1="0" ind2="4">
    <subfield code="a">&#xF60;&#xF56;&#xFB2;&#xF74;&#xF42;&#xF0B;&#xF42;&#xF72;&#xF0B;&#xF60;&#xF42;&#xF44;&#xF66;&#xF0B;&#xF45;&#xF53;&#xF0B;&#xF58;&#xF47;&#xF63;&#xF0B;&#xF41;&#xF0D;  &#xF60;&#xF56;&#xFB2;&#xF74;&#xF42;&#xF0B;&#xF42;&#xF72;&#xF0B;&#xF56;&#xFB1;&#xF72;&#xF53;&#xF0B;&#xF45;&#xF53;&#xF0B;&#xF66;&#xF92;&#xFB1;&#xF74;&#xF0B;&#xF62;&#xFA9;&#xF63;&#xF0D;</subfield>
  </datafield>
  <datafield tag="246" ind1=" " ind2=" ">
    <subfield code="a">The dragon's gift : the sacred arts of Bhutan.</subfield>
  </datafield>
  <datafield tag="250" ind1=" " ind2=" ">
    <subfield code="a">1st ed.</subfield>
  </datafield>
  <datafield tag="260" ind1=" " ind2=" ">
    <subfield code="a">[Thimphu] :</subfield>
    <subfield code="b">Honolulu Academy of Arts,</subfield>
    <subfield code="c">2010.</subfield>
  </datafield>
  <datafield tag="300" ind1=" " ind2=" ">
    <subfield code="a">482 p. :</subfield>
    <subfield code="b">col. ill., col. map ;</subfield>
    <subfield code="c">31 cm. </subfield>
  </datafield>
  <datafield tag="500" ind1=" " ind2=" ">
    <subfield code="a">Catalog of an exhibition held at the Honolulu Academy of Arts, Hawaii, in 2008.</subfield>
  </datafield>
  <datafield tag="500" ind1=" " ind2=" ">
    <subfield code="a">Edited by Terese Tse Bartholomew and John Johnston in  English version.</subfield>
  </datafield>
  <datafield tag="504" ind1=" " ind2=" ">
    <subfield code="a">Includes bibliographical references (p. 382-385) and index.</subfield>
  </datafield>
  <datafield tag="650" ind1=" " ind2="0">
    <subfield code="a">Buddhist art and symbolism</subfield>
    <subfield code="z">Bhutan</subfield>
    <subfield code="v">Exhibitions.</subfield>
  </datafield>
  <datafield tag="710" ind1="2" ind2=" ">
    <subfield code="a">Honolulu Academy of Arts.</subfield>
  </datafield>
  <datafield tag="942" ind1=" " ind2=" ">
    <subfield code="2">ddc</subfield>
    <subfield code="c">DZONGKHA</subfield>
  </datafield>
  <datafield tag="952" ind1=" " ind2=" ">
    <subfield code="0">0</subfield>
    <subfield code="1">0</subfield>
    <subfield code="2">ddc</subfield>
    <subfield code="4">0</subfield>
    <subfield code="7">0</subfield>
    <subfield code="8">DZONGKHA</subfield>
    <subfield code="a">RTCLIB</subfield>
    <subfield code="b">RTCLIB</subfield>
    <subfield code="c">DZONGKHA</subfield>
    <subfield code="d">2021-03-24</subfield>
    <subfield code="h"> </subfield>
    <subfield code="i">8567</subfield>
    <subfield code="l">2</subfield>
    <subfield code="m">5</subfield>
    <subfield code="o">704.94893 THO</subfield>
    <subfield code="p">30008996</subfield>
    <subfield code="r">2021-06-28 00:00:00</subfield>
    <subfield code="s">2021-05-19</subfield>
    <subfield code="t">1</subfield>
    <subfield code="w">2018-11-27</subfield>
    <subfield code="y">DZONGKHA</subfield>
  </datafield>
  <datafield tag="952" ind1=" " ind2=" ">
    <subfield code="0">0</subfield>
    <subfield code="1">0</subfield>
    <subfield code="2">ddc</subfield>
    <subfield code="4">0</subfield>
    <subfield code="7">0</subfield>
    <subfield code="8">DZONGKHA</subfield>
    <subfield code="a">RTCLIB</subfield>
    <subfield code="b">RTCLIB</subfield>
    <subfield code="c">DZONGKHA</subfield>
    <subfield code="h"> </subfield>
    <subfield code="i">8568</subfield>
    <subfield code="l">2</subfield>
    <subfield code="m">2</subfield>
    <subfield code="o">704.94893  THO</subfield>
    <subfield code="p">30008982</subfield>
    <subfield code="r">2020-08-10 00:00:00</subfield>
    <subfield code="s">2020-04-14</subfield>
    <subfield code="t">2</subfield>
    <subfield code="w">2018-11-27</subfield>
    <subfield code="y">DZONGKHA</subfield>
  </datafield>
</record>
